| 000 | 00988nam a2200301Ia 4500 | ||
|---|---|---|---|
| 001 | Para_5704 | ||
| 003 | CHAP | ||
| 008 | 220125s1976 xx 000 0 und d | ||
| 010 | _a204134 | ||
| 040 | _cCHAP | ||
| 090 | _aPA TESIS 51 | ||
| 100 |
_aCabrera Rodríguez, Julian _916696 |
||
| 245 |
_aBiología y combate químico de Mysus persicae (Sulzer) (Homoptera : _bAphididae) en ajonjolí / _c por Julián Cabrera Rodríguez |
||
| 260 |
_aChapingo, Méx. : _b el autor |
||
| 300 | _a41 h. | ||
| 502 | _aTesis (Ing. Agr. Esp. en Parasitología Agrícola) ENA. Departamento Parasitología Agrícola | ||
| 650 |
_aAjonjolí _x plagas _93248 |
||
| 650 |
_aControl de Plagas _927595 |
||
| 650 |
_aMyzus persicae _979968 |
||
| 710 |
_aENA. Departamento Parasitología Agrícola _9164684 |
||
| 901 | _aPA TESIS 51 | ||
| 902 | _aA | ||
| 905 | _a0000001976 a 0000000000 00 | ||
| 910 | _a1976 | ||
| 942 | _cPARA | ||
| 942 |
_cPARA _d1 |
||
| 999 |
_c204134 _d204134 |
||